[Event "Warsaw Najdorf Memorial op-B"]
[Site "Warsaw"]
[Date "2021.07.10"]
[Round "1"]
[White "Zambrowski Mazurek, Stefan"]
[Black "Trybula, Agata"]
[Result "1/2-1/2"]
[WhiteElo "1197"]
[BlackElo "1634"]
[PlyCount "100"]
[EventDate "2021.07.10"]
[EventType "swiss"]
[EventRounds "9"]
[EventCountry "POL"]
[SourceTitle "EXT 2022"]
[Source "ChessBase"]
[SourceDate "2021.10.06"]
[SourceVersion "1"]
[SourceVersionDate "2021.10.06"]
[SourceQuality "1"]

1. Nf3 Nf6 2. g3 d6 3. Bg2 Nbd7 4. d3 e5 5. Nc3 c6 6. 0-0 Be7 7. Bd2 0-0 8. a3 Ne8 9. Rb1 f5 10. e4 Nc7 11. exf5 Rxf5 12. Qe2 Rf8 13. Rfe1 Nf6 14. d4 Bg4 15. dxe5 Bxf3 16. Bxf3 dxe5 17. Qxe5 Qxd2 18. Qxc7 Bc5 19. Re2 Qd7 20. Qxd7 Nxd7 21. Bg2 a5 22. Rbe1 Nf6 23. h3 Rad8 24. Ne4 Nxe4 25. Bxe4 Rd7 26. Kg2 Rdf7 27. f4 g6 28. Bd3 Kg7 29. h4 Rd7 30. Re4 Bd4 31. b3 Bc5 32. a4 Bb4 33. R1e2 Rdd8 34. Kf3 h5 35. Kg2 Rf6 36. Kf3 Rff8 37. Re6 Rf6 38. g4 hxg4+ 39. Kxg4 Rdf8 40. Kg5 Rxf4 41. Rxg6+ Kh8 42. Rh6+ Kg7 43. Ree6 R8f7 44. Rh7+ Kf8 45. Bg6 Rxh7 46. Bxh7 Rf2 47. Rf6+ Rxf6 48. Kxf6 Be7+ 49. Ke6 Bxh4 50. Kd7 Bg3 1/2-1/2